Curso Nacional Universitario sobre Presupuestación Programática.

Salvato in:
Dettagli Bibliografici
Enti autori: Curso Nacional Universitario sobre Presupuestación Programática Cd. Obregón, Sonora, México. Presidencia de la República Secretaría de Educación Pública
Natura: Atti del Convegno Libro
Lingua:spagnolo
Soggetti:
Tags: Aggiungi Tag
Nessun Tag, puoi essere il primo ad aggiungerne!!

MARC

LEADER 00000cam^a2200000uu^4500
001 000472058
005 20250521000000.0
008 050901s^^^^^^^^^^^^^^^^rd^r^1000^0^spa^d
009 20260310124640.797
035 |a FCE 000014867 
035 |a FCE 007145 
037 |a Acervo ITESO - Biblioteca 
041 |a spa 
082 0 4 |a 378.155 472  |b CUR 1983 
111 |a Curso Nacional Universitario sobre Presupuestación Programática  |c Cd. Obregón, Sonora)  |d 27-6 sept./oct. 1982 :  |n (6o : 
245 1 0 |a Curso Nacional Universitario sobre Presupuestación Programática. 
264 |a México :  |b SEP,  |c [19--]. 
300 |a 123 p. 
336 |a texto  |b txt  |2 rdacontenido 
337 |a sin mediación  |b n  |2 rdamedio 
338 |a volumen  |b nc  |2 rdasoporte 
649 |a XX 
650 |a Educación superior 
650 |a Planificación de la educación 
650 |a Universidad 
650 |a Sonora, México 
710 |a México. Presidencia de la República  |b Secretaría de Educación Pública 
910 |a Fondo Centro de Estudios Educativos 
920 |a Impresos - Libros 
930 |a Fondos Especiales 
905 |a 133 
901 |a ALE007145  |b IT2  |c CEE  |u 20250521 
901 |a ALE042630  |b IT2  |c CEE  |u 20250521 
902 |a https://opac.biblio.iteso.mx/vufind/Record/000472058